Canai budi

Bibliographic Details
Main Author: Abdullah Hussain
Format: Book
Published: Kuala Lumpur : Dewan Bahasa dan Pustaka , 2006
Subjects:

MARC

LEADER 00000cam a2200000 7i4500
001 0000024179
005 20081203.0
008 081203
020 |a 9836257586 
090 0 0 |a 398.99923   |b ABD 
100 0 |a Abdullah Hussain 
245 1 0 |a Canai budi   |c Abdullah Hussain 
260 |a Kuala Lumpur :   |b Dewan Bahasa dan Pustaka ,   |c 2006 
650 0 |a Proverbs, Malay 
999 |a 0001028307   |b Book   |c Adult Collection   |e Perbadanan Perpustakaan Awam Johor